Peoples and empires of West Africa (Record no. 53310)

MARC details
000 -LEADER
fixed length control field 00658nam a2200193 a 4500
008 - FIXED-LENGTH DATA ELEMENTS--GENERAL INFORMATION
fixed length control field 120416s1971 ||||||||||||||||| || u
020 ## - INTERNATIONAL STANDARD BOOK NUMBER
International Standard Book Number 017511448X
050 ## - LIBRARY OF CONGRESS CALL NUMBER
Classification number DT 496 Str
100 ## - MAIN ENTRY--PERSONAL NAME
Personal name Stride, George
245 10 - TITLE STATEMENT
Title Peoples and empires of West Africa
246 ## - VARYING FORM OF TITLE
Title proper/short title West Africa in history 1000- 1800
260 ## - PUBLICATION, DISTRIBUTION, ETC.
Place of publication, distribution, etc. London,
Name of publisher, distributor, etc. Thomas Nelson
Date of publication, distribution, etc. 1971.
300 ## - PHYSICAL DESCRIPTION
Extent x, 373p. : ill.
350 ## - PRICE (NR) (BK AM CF MU VM SE) [OBSOLETE]
Price 0.00
650 ## - SUBJECT ADDED ENTRY--TOPICAL TERM
Topical term or geographic name entry element TEXTBOOKS
650 #0 - SUBJECT ADDED ENTRY--TOPICAL TERM
Topical term or geographic name entry element AFRICA--HISTORY
700 ## - ADDED ENTRY--PERSONAL NAME
Personal name Ifeka, Caroline
995 ## - RECOMMENDATION 995 [LOCAL, UNIMARC FRANCE]
-- 0.00
-- CBU-MAIN LIBRARY (Kitwe)
-- 1
-- 30.00
-- 1
-- AVAILABLE
-- Sep 6, 2006
-- Main Library Open Access Collection
Holdings
Withdrawn status Lost status Source of classification or shelving scheme Damaged status Not for loan Home library Current library Shelving location Date acquired Total Checkouts Full call number Barcode Date last seen Price effective from Koha item type
          CBU-MAIN LIBRARY, KITWE. CBU-MAIN LIBRARY, KITWE.   11/30/2022   DT 496 Str 001008 11/30/2022 11/30/2022 MONOGRAPH